| 000 | 00555nam a2200181 a 4500 | ||
|---|---|---|---|
| 005 | 20240511063738.0 | ||
| 008 | 991125s1912 mx 000 0 spa u | ||
| 035 | _aUPN01000034739 | ||
| 049 | _aLT | ||
| 050 | 4 |
_aLB1577 M6 _bL3.4 |
|
| 100 | 1 | _aLabastida, Francisco | |
| 245 | 1 | 0 |
_aLenguaje nacional : _bcurso preparatorio para la primera enseñanza / _cpor Francisco Labastida |
| 260 |
_aMéxico : _bVda. de Ch. Bouret, _c1912 |
||
| 300 | _a99 p. | ||
| 650 | 4 |
_aEspañol _xEstudio y enseñanza (Elemental) _92806 |
|
| 904 |
_aAC _b034740 |
||
| 905 | _aLibro | ||
| 999 |
_c34739 _d34739 |
||